1818 1571 1997 1428 1405 1711 1071 1415 1233 1467 1780 1633 1234 1364 1097 1733 1362 1131 1449 1762 1873 1214 1660 1726 1432 1936 1937 1822 1087 1365 1215 1101 1402 1936 1791 1705 1169 1608 1549 1722 1526 1192 1225 1633 1200 1498 1095 1993 1832 1348 1626 1286 1972 1623 1226 1501 1001 1213 1708 1540 1844 1323 1638 1436 1244 1092 1837 1665 1271 1329 1633 1250 1523 1862 1310 1139 1441 1092 1779 1548 1312 1894 1018 1958 1848 1789 1116 1115 1504 1871 1380 1969 1473 1900 1590 1275 1088 1051 1728 BCNSPRNW ULIB Ver.6.0+V

เปลี่ยนเป็นภาษาไทย

Change to English
 แสดงรายละเอียดบรรณานุกรม
  กลับหน้าหลัก

Brief Record : Get Marc (ISO 2709) : E-mail record : QR code < ปิดหน้าต่าง
LEADER : 00000nam 2200000uu 4500
001    13399108580
003     ULIB
008    110309s2552||||th 000 0 tha d
020    9786165310499
060  4 QV767^bห181ก 2552
100 0  ลำดวน อุ่นใจ
245 00 กินใบบัวบกเลิกพึ่งยาหมอ/^cลำดวน อุ่นใจ
260    กรุงเทพฯ:^bแบงค์คอกบุคส์,^c2552
300    63 หน้า:^bภาพประกอบ
650  7 ใบบัวบก
945    ^p59^l0^i027666
995    ทศพร
999 ^a ใช้งานได้ทุกระบบ
รายการนี้ยังไม่มีแท็ก
คุณยังไม่ได้ล็อกอิน คุณสามารถมีกิจกรรมร่วมกับเว็บไซต์ได้ แต่ต้องล็อกอินก่อน ::
  ล็อกอิน

รายการสื่อสารสนเทศ

ลำดับที่ ประเภท เลขเรียก/บาร์โค้ด สถานที่ สถานะ
- ไม่พบข้อมูล -

รายการใกล้เคียง
    ผู้แต่ง [ลำดวน อุ่นใจ]

    หัวเรื่อง [ใบบัวบก]

BibComment


ยังไม่เคยถูกคอมเมนท์

คอมเมนท์ทรัพยากรรายการนี้
  คอมเมนท์: กินใบบัวบกเลิกพึ่..


 Copyright 2026. Bcnsprnw @Library